| 000 | 00432 a2200145 4500 | ||
|---|---|---|---|
| 005 | 20250624090207.0 | ||
| 020 | _a0-273-68176-1 | ||
| 082 | _a658.783CHR | ||
| 100 | _aCHRISTOPHER,M. | ||
| 245 | _aLogistics And Supply Chain Management,: Creating Value And Adding Network | ||
| 250 | _a3th Ed, | ||
| 260 |
_aBritish Library, _bFT Prentice Hall, _c2005. |
||
| 300 |
_a299p,;ill,table,figure,picture, _b Index, _c24cm. |
||
| 942 |
_2ddc _cBKS |
||
| 999 |
_c4782 _d4782 |
||